dc heroes - Statistiques

Statistiques générales
  • Ce quiz a été pris 85 fois
  • Le résultat moyen est 36 sur 83
Statistiques - réponses
Par images Réponse % Correct
superman
100%
batman
99%
flash
99%
jay garrick
99%
wonder woman
97%
alan scott
96%
green lantern
96%
Green lantern
96%
guy gardner
96%
aquaman
90%
robin
88%
green arrow
85%
shazam
82%
hawk
78%
cyborg
75%
raven
75%
hawkgirl
73%
hawkman
71%
black canary
70%
blue beetle
70%
supergirl
70%
atom
68%
nightwing
68%
ted kord
67%
martian manhunter
66%
red hood
66%
starfire
64%
kid flash
60%
zatanna
60%
beast boy
59%
doctor fate
59%
black lightning
58%
katana
56%
plastic man
53%
fire
49%
red robin
49%
aqualad
47%
firestorm
47%
huntress
47%
red tornado
47%
tempest
47%
red arrow
45%
troia
38%
elongated man
37%
john constantine
37%
swamp thing
37%
vixen
36%
stargirl
34%
booster gold
32%
captain atom
29%
deadman
26%
mister terrific
26%
bumblebee
25%
steel
22%
ice
21%
etrigan
18%
dove
16%
metamorpho
16%
big barda
15%
animal man
14%
mister miracle
14%
static
14%
wildcat
14%
blue devil
11%
detective chimp
11%
metal men
10%
sandman
10%
doctor light
8%
frankenstein
8%
geo force
8%
hourman
8%
jade
8%
starman
8%
adam strange
7%
obsidian
7%
citizen steel
5%
kid devil
5%
negative man
5%
robot man
5%
elasti girl
4%
halo
4%
thunderbolt
4%
mento
3%
Aucun quiz correspondant
Distribution des résultats
% des personnes avec chaque résultat
Percentile par nombre de réponses
Votre historique - résultats
Vous n’avez pas pris ce quiz